<?xml version="1.0" encoding="UTF-8"?>
<record
    xmlns:xsi="http://www.w3.org/2001/XMLSchema-instance"
    xsi:schemaLocation="http://www.loc.gov/MARC21/slim http://www.loc.gov/standards/marcxml/schema/MARC21slim.xsd"
    xmlns="http://www.loc.gov/MARC21/slim">

  <leader>00343nam a2200145Ia 4500</leader>
  <controlfield tag="008">191201s2012    xx            000 0 und d</controlfield>
  <datafield tag="082" ind1=" " ind2=" ">
    <subfield code="a">621.8</subfield>
    <subfield code="b">KHT</subfield>
  </datafield>
  <datafield tag="100" ind1=" " ind2=" ">
    <subfield code="a">KHURMI, R.S</subfield>
  </datafield>
  <datafield tag="245" ind1=" " ind2="0">
    <subfield code="a">Theory of Machines</subfield>
  </datafield>
  <datafield tag="250" ind1=" " ind2=" ">
    <subfield code="a">Rep</subfield>
  </datafield>
  <datafield tag="260" ind1=" " ind2=" ">
    <subfield code="a">N.Delhi</subfield>
    <subfield code="b">S Chand and Co. Ltd.</subfield>
    <subfield code="c">2012</subfield>
  </datafield>
  <datafield tag="300" ind1=" " ind2=" ">
    <subfield code="a">1071</subfield>
  </datafield>
  <datafield tag="650" ind1=" " ind2=" ">
    <subfield code="a">B.Tech(ME)</subfield>
  </datafield>
  <datafield tag="942" ind1=" " ind2=" ">
    <subfield code="2">ddc</subfield>
    <subfield code="c">BK</subfield>
    <subfield code="0">6</subfield>
  </datafield>
  <datafield tag="999" ind1=" " ind2=" ">
    <subfield code="c">4706</subfield>
    <subfield code="d">4706</subfield>
  </datafield>
  <datafield tag="952" ind1=" " ind2=" ">
    <subfield code="0">0</subfield>
    <subfield code="1">0</subfield>
    <subfield code="2">ddc</subfield>
    <subfield code="4">0</subfield>
    <subfield code="7">0</subfield>
    <subfield code="8">BTECHME</subfield>
    <subfield code="a">PIET</subfield>
    <subfield code="b">PIET</subfield>
    <subfield code="d">2010-11-11</subfield>
    <subfield code="e">The book company</subfield>
    <subfield code="g">575.00</subfield>
    <subfield code="k">5105</subfield>
    <subfield code="l">1</subfield>
    <subfield code="o">621.8 KHT</subfield>
    <subfield code="p">17000</subfield>
    <subfield code="r">2022-03-02 00:00:00</subfield>
    <subfield code="s">2021-12-27</subfield>
    <subfield code="w">2010-11-09</subfield>
    <subfield code="y">BK</subfield>
  </datafield>
  <datafield tag="952" ind1=" " ind2=" ">
    <subfield code="0">0</subfield>
    <subfield code="1">0</subfield>
    <subfield code="2">ddc</subfield>
    <subfield code="4">0</subfield>
    <subfield code="7">0</subfield>
    <subfield code="8">BTECHME</subfield>
    <subfield code="a">PIET</subfield>
    <subfield code="b">PIET</subfield>
    <subfield code="d">2010-11-11</subfield>
    <subfield code="e">The book company</subfield>
    <subfield code="g">575.00</subfield>
    <subfield code="k">5105</subfield>
    <subfield code="l">0</subfield>
    <subfield code="o">621.8 KHT</subfield>
    <subfield code="p">17001</subfield>
    <subfield code="r">2019-12-04 00:00:00</subfield>
    <subfield code="w">2010-11-09</subfield>
    <subfield code="y">BK</subfield>
  </datafield>
  <datafield tag="952" ind1=" " ind2=" ">
    <subfield code="0">0</subfield>
    <subfield code="1">0</subfield>
    <subfield code="2">ddc</subfield>
    <subfield code="4">0</subfield>
    <subfield code="7">0</subfield>
    <subfield code="8">BTECHME</subfield>
    <subfield code="a">PIET</subfield>
    <subfield code="b">PIET</subfield>
    <subfield code="d">2010-11-11</subfield>
    <subfield code="e">The book company</subfield>
    <subfield code="g">575.00</subfield>
    <subfield code="k">5105</subfield>
    <subfield code="l">2</subfield>
    <subfield code="o">621.8 KHT</subfield>
    <subfield code="p">17002</subfield>
    <subfield code="r">2020-03-16 00:00:00</subfield>
    <subfield code="s">2020-03-13</subfield>
    <subfield code="w">2010-11-09</subfield>
    <subfield code="y">BK</subfield>
  </datafield>
  <datafield tag="952" ind1=" " ind2=" ">
    <subfield code="0">0</subfield>
    <subfield code="1">0</subfield>
    <subfield code="2">ddc</subfield>
    <subfield code="4">0</subfield>
    <subfield code="7">0</subfield>
    <subfield code="8">BTECHME</subfield>
    <subfield code="a">PIET</subfield>
    <subfield code="b">PIET</subfield>
    <subfield code="d">2010-11-11</subfield>
    <subfield code="e">The book company</subfield>
    <subfield code="g">575.00</subfield>
    <subfield code="k">5105</subfield>
    <subfield code="l">3</subfield>
    <subfield code="o">621.8 KHT</subfield>
    <subfield code="p">17003</subfield>
    <subfield code="r">2021-04-14 00:00:00</subfield>
    <subfield code="s">2021-03-30</subfield>
    <subfield code="w">2010-11-09</subfield>
    <subfield code="y">BK</subfield>
  </datafield>
  <datafield tag="952" ind1=" " ind2=" ">
    <subfield code="0">0</subfield>
    <subfield code="1">0</subfield>
    <subfield code="2">ddc</subfield>
    <subfield code="4">0</subfield>
    <subfield code="7">0</subfield>
    <subfield code="8">BTECHME</subfield>
    <subfield code="a">PIET</subfield>
    <subfield code="b">PIET</subfield>
    <subfield code="d">2010-11-11</subfield>
    <subfield code="e">The book company</subfield>
    <subfield code="g">575.00</subfield>
    <subfield code="k">5105</subfield>
    <subfield code="l">1</subfield>
    <subfield code="o">621.8 KHT</subfield>
    <subfield code="p">17004</subfield>
    <subfield code="r">2023-12-27 00:00:00</subfield>
    <subfield code="s">2023-12-18</subfield>
    <subfield code="w">2010-11-09</subfield>
    <subfield code="y">BK</subfield>
  </datafield>
  <datafield tag="952" ind1=" " ind2=" ">
    <subfield code="0">0</subfield>
    <subfield code="1">0</subfield>
    <subfield code="2">ddc</subfield>
    <subfield code="4">0</subfield>
    <subfield code="7">0</subfield>
    <subfield code="8">BTECHME</subfield>
    <subfield code="a">PIET</subfield>
    <subfield code="b">PIET</subfield>
    <subfield code="d">2010-11-11</subfield>
    <subfield code="e">The book company</subfield>
    <subfield code="g">575.00</subfield>
    <subfield code="k">5105</subfield>
    <subfield code="l">1</subfield>
    <subfield code="o">621.8 KHT</subfield>
    <subfield code="p">17005</subfield>
    <subfield code="r">2020-10-05 00:00:00</subfield>
    <subfield code="s">2020-09-02</subfield>
    <subfield code="w">2010-11-09</subfield>
    <subfield code="y">BK</subfield>
  </datafield>
  <datafield tag="952" ind1=" " ind2=" ">
    <subfield code="0">0</subfield>
    <subfield code="1">0</subfield>
    <subfield code="2">ddc</subfield>
    <subfield code="4">0</subfield>
    <subfield code="7">0</subfield>
    <subfield code="8">BTECHME</subfield>
    <subfield code="a">PIET</subfield>
    <subfield code="b">PIET</subfield>
    <subfield code="d">2010-11-11</subfield>
    <subfield code="e">The book company</subfield>
    <subfield code="g">575.00</subfield>
    <subfield code="k">5105</subfield>
    <subfield code="l">0</subfield>
    <subfield code="o">621.8 KHT</subfield>
    <subfield code="p">17006</subfield>
    <subfield code="r">2019-12-12 00:00:00</subfield>
    <subfield code="w">2010-11-09</subfield>
    <subfield code="y">BK</subfield>
  </datafield>
  <datafield tag="952" ind1=" " ind2=" ">
    <subfield code="0">0</subfield>
    <subfield code="1">0</subfield>
    <subfield code="2">ddc</subfield>
    <subfield code="4">0</subfield>
    <subfield code="7">0</subfield>
    <subfield code="8">BTECHME</subfield>
    <subfield code="a">PIET</subfield>
    <subfield code="b">PIET</subfield>
    <subfield code="d">2010-11-11</subfield>
    <subfield code="e">The book company</subfield>
    <subfield code="g">575.00</subfield>
    <subfield code="k">5105</subfield>
    <subfield code="l">0</subfield>
    <subfield code="o">621.8 KHT</subfield>
    <subfield code="p">17007</subfield>
    <subfield code="r">2019-12-04 00:00:00</subfield>
    <subfield code="w">2010-11-09</subfield>
    <subfield code="y">BK</subfield>
  </datafield>
  <datafield tag="952" ind1=" " ind2=" ">
    <subfield code="0">0</subfield>
    <subfield code="1">0</subfield>
    <subfield code="2">ddc</subfield>
    <subfield code="4">0</subfield>
    <subfield code="7">0</subfield>
    <subfield code="8">BTECHME</subfield>
    <subfield code="a">PIET</subfield>
    <subfield code="b">PIET</subfield>
    <subfield code="d">2010-11-11</subfield>
    <subfield code="e">The book company</subfield>
    <subfield code="g">575.00</subfield>
    <subfield code="k">5105</subfield>
    <subfield code="l">0</subfield>
    <subfield code="o">621.8 KHT</subfield>
    <subfield code="p">17008</subfield>
    <subfield code="r">2019-12-04 00:00:00</subfield>
    <subfield code="w">2010-11-09</subfield>
    <subfield code="y">BK</subfield>
  </datafield>
  <datafield tag="952" ind1=" " ind2=" ">
    <subfield code="0">0</subfield>
    <subfield code="1">0</subfield>
    <subfield code="2">ddc</subfield>
    <subfield code="4">0</subfield>
    <subfield code="7">0</subfield>
    <subfield code="8">BTECHME</subfield>
    <subfield code="a">PIET</subfield>
    <subfield code="b">PIET</subfield>
    <subfield code="d">2010-11-11</subfield>
    <subfield code="e">The book company</subfield>
    <subfield code="g">575.00</subfield>
    <subfield code="k">5105</subfield>
    <subfield code="l">0</subfield>
    <subfield code="o">621.8 KHT</subfield>
    <subfield code="p">17009</subfield>
    <subfield code="r">2019-12-04 00:00:00</subfield>
    <subfield code="w">2010-11-09</subfield>
    <subfield code="y">BK</subfield>
  </datafield>
</record>
